[Event "PRO League Group Stage"]
[Site "chess.com INT"]
[Date "2018.01.25"]
[Round "2"]
[White "Gorozhanin, Mikhail"]
[Black "Kanep, Meelis"]
[Result "0-1"]
[WhiteTitle "FM"]
[BlackTitle "GM"]
[WhiteElo "2435"]
[BlackElo "2446"]
[WhiteTeam "Volga Stormbringers"]
[BlackTeam "Estonia Horses"]
[WhiteFideId "4178262"]
[BlackFideId "4501047"]
[EventDate "2018.01.18"]

1. d4 Nf6 2. Nf3 g6 3. c4 Bg7 4. Nc3 d6 5. e4 O-O 6. Be2 Bg4 7. h3 Bxf3 8. Bxf3
Nfd7 9. Be3 c5 10. d5 Qb6 11. Qd2 Ne5 12. Be2 Qb4 13. Nb5 Qxd2+ 14. Kxd2 Rc8 15.
f4 Ned7 16. Nc3 Na6 17. h4 Nc7 18. h5 e6 19. g4 exd5 20. exd5 Re8 21. g5 b5 22.
Rh3 bxc4 23. Bxc4 Nb6 24. Kd3 Nxc4 25. Kxc4 Rab8 26. hxg6 fxg6 27. a3 Rxb2 28.
Bxc5 dxc5 29. d6 Ne6 30. Re1 Kf7 31. Rhe3 Rc2 32. d7 Rd8 33. Rxe6 Rxc3+ 34. Kd5
Rxd7+ 35. Kc6 Rcd3 36. Kxc5 Bf8+ 37. Kc6 R3d6+ 38. Rxd6 Rxd6+ 39. Kb7 Rd4 0-1

[Event "PRO League Group Stage"]
[Site "chess.com INT"]
[Date "2018.01.25"]
[Round "2"]
[White "Sarana, Alexey"]
[Black "Aleskerov, Faik"]
[Result "0-1"]
[WhiteTitle "GM"]
[WhiteElo "2562"]
[BlackElo "2315"]
[WhiteTeam "Australia Kangaroos"]
[BlackTeam "San Jose Hackers"]
[WhiteFideId "24133795"]
[BlackFideId "13401262"]
[EventDate "2018.01.18"]

1. d4 d5 2. c4 Bf5 3. cxd5 Bxb1 4. Rxb1 Qxd5 5. e3 Qxa2 6. Bd2 Qd5 7. Nf3 e6 8.
Qa4+ c6 9. Bc4 Qd8 10. Ne5 Nd7 11. Nxd7 Qxd7 12. Be2 Nf6 13. O-O Bd6 14. b4 O-O
15. Rfd1 a6 16. Bf3 Qc7 17. h3 e5 18. dxe5 Bxe5 19. Be1 Rfe8 20. Qa5 Rad8 21.
Kf1 Qb8 22. Qc5 Nd7 23. Qc2 Bf6 24. Kg1 Ne5 25. Be2 Rxd1 26. Rxd1 Rd8 27. f4 Nd7
28. Bf2 Be7 29. Qb3 Nf6 30. Bd3 g6 31. Rb1 Nd5 32. Bc4 b5 33. Bxd5 Rxd5 34. e4
Rd7 35. e5 Qd8 36. e6 Rd5 37. exf7+ Kxf7 38. Re1 Bf6 39. Re4 a5 40. bxa5 Qxa5
41. Kh2 Qd2 42. Qf3 Rd3 43. Be3 Qd1 44. Qf2 Rd7 45. f5 g5 46. Re6 Qd5 47. h4 h6
48. hxg5 hxg5 49. Bc5 Rd8 50. Kg1 b4 51. Bb6 Rd6 52. Re1 b3 53. Qe2 Bd4+ 54.
Bxd4 Qxd4+ 55. Kf1 Qd3 56. Qxd3 Rxd3 57. Ke2 Rc3 58. g4 c5 59. Kd1 c4 60. Re2
Rg3 61. Re4 Rg1+ 62. Kd2 b2 0-1

[Event "PRO League Group Stage"]
[Site "chess.com INT"]
[Date "2018.01.25"]
[Round "2"]
[White "Sarana, Alexey"]
[Black "Izoria, Zviad"]
[Result "1/2-1/2"]
[WhiteTitle "GM"]
[BlackTitle "GM"]
[WhiteElo "2562"]
[BlackElo "2599"]
[WhiteTeam "Australia Kangaroos"]
[BlackTeam "San Jose Hackers"]
[WhiteFideId "24133795"]
[BlackFideId "13601733"]
[EventDate "2018.01.18"]

1. d4 Nf6 2. Nf3 d5 3. Bf4 c5 4. e3 Nc6 5. Nbd2 cxd4 6. exd4 Qb6 7. Nb3 Bg4 8.
c3 e6 9. Be2 Be7 10. h3 Bh5 11. O-O O-O 12. a4 a6 13. a5 Qd8 14. Qc2 Rc8 15. Ne1
Bg6 16. Qd1 Ne4 17. Nd3 Re8 18. Re1 Bf8 19. Bh5 Bxh5 20. Qxh5 b6 21. axb6 Qxb6
22. Nd2 Nf6 23. Qf3 a5 24. Bg5 Nd7 25. Nf1 Qb5 26. Rad1 e5 27. dxe5 Ndxe5 28.
Nxe5 Nxe5 29. Qf5 Nc4 30. Rxe8 Rxe8 31. Qxd5 Qxd5 32. Rxd5 a4 33. Rb5 Re2 34. b3
Nd6 35. Rb8 axb3 36. Rxb3 Ne4 37. Be3 Rc2 38. Bd4 Rc1 39. Rb8 Nxc3 40. Kh2 Ne4
41. Ne3 Nd6 42. Nd5 Rc8 43. Rb2 f6 44. g3 Rd8 45. Bb6 Nc4 46. Rc2 Rxd5 47. Rxc4
Rd7 48. Kg2 Kf7 49. h4 h5 50. Be3 Be7 51. Ra4 g6 52. Ra5 Ke6 53. f3 Rd5 54. Ra6+
Rd6 55. Ra7 Rd7 56. Ra4 Kf7 57. g4 Rd3 58. Kf2 Rb3 59. Ra7 Ke6 60. Ra6+ Kf7 61.
Ra5 Rb2+ 62. Kf1 hxg4 63. fxg4 Rb4 64. g5 Rxh4 65. gxf6 Bxf6 66. Bg5 Bxg5 67.
Rxg5 Rh5 68. Rxh5 gxh5 69. Kg2 h4 70. Kh3 Kf6 71. Kxh4 1/2-1/2

[Event "PRO League Group Stage"]
[Site "chess.com INT"]
[Date "2018.01.25"]
[Round "2"]
[White "Villanueva, Mario"]
[Black "Nagle, Sean"]
[Result "0-1"]
[WhiteTitle "IM"]
[BlackTitle "IM"]
[WhiteElo "2466"]
[BlackElo "2432"]
[WhiteTeam "Buenos Aires Krakens"]
[BlackTeam "Minnesota Blizzard"]
[WhiteFideId "113433"]
[BlackFideId "2013878"]
[EventDate "2018.01.18"]

1. e4 g6 2. d4 Bg7 3. Nc3 d6 4. f4 Nf6 5. Nf3 c5 6. dxc5 Qa5 7. Qd4 O-O 8. Bd2
Nc6 9. Qc4 Be6 10. Qb5 Qc7 11. O-O-O Rac8 12. h3 a6 13. Qb6 Qb8 14. cxd6 exd6
15. Ng5 Nd7 16. Qf2 Nb4 17. a3 Na2+ 18. Nxa2 Bxa2 19. e5 Nc5 20. b4 Na4 21. Qh4
h6 22. Ne4 dxe5 23. Nf6+ Bxf6 24. Qxf6 Rfd8 25. Be3 Rxd1+ 26. Kxd1 Nc3+ 27. Kc1
Nd5 28. Qxe5 Qxe5 29. fxe5 Nxe3 30. Bd3 Nxg2 31. Be4 Ne3 32. Re1 Nxc2 33. Bxc2
Bb3 34. Re2 Kf8 35. Kb2 Rxc2+ 36. Rxc2 Bxc2 37. Kxc2 Ke7 38. Kd3 Ke6 39. Kd4 g5
40. a4 b6 41. a5 bxa5 42. bxa5 h5 43. Ke4 h4 44. Kd4 g4 45. Ke4 g3 0-1

[Event "PRO League Group Stage"]
[Site "chess.com INT"]
[Date "2018.01.25"]
[Round "2"]
[White "Villanueva, Mario"]
[Black "Tang, Andrew"]
[Result "1/2-1/2"]
[WhiteTitle "IM"]
[BlackTitle "IM"]
[WhiteElo "2466"]
[BlackElo "2513"]
[WhiteTeam "Buenos Aires Krakens"]
[BlackTeam "Minnesota Blizzard"]
[WhiteFideId "113433"]
[BlackFideId "2059630"]
[EventDate "2018.01.18"]

1. e4 e5 2. Nf3 Nc6 3. Bb5 a6 4. Ba4 Nf6 5. O-O Be7 6. Re1 b5 7. Bb3 d6 8. c3
O-O 9. d4 Bg4 10. d5 Na5 11. Bc2 c6 12. h3 Bc8 13. dxc6 Qc7 14. Nbd2 Qxc6 15.
Nf1 Be6 16. Ng5 Rac8 17. Ne3 Kh8 18. a4 Nc4 19. axb5 axb5 20. Ra7 Bd8 21. Nd5 h6
22. Nxf6 Bxf6 23. Nxe6 fxe6 24. b3 Qb6 25. Rd7 Qc6 26. Ra7 Bh4 27. Rf1 Qb6 28.
Rd7 Rxf2 29. Kh2 Ne3 30. Bxe3 Qxe3 31. Rxf2 Bg3+ 32. Kh1 Qxf2 33. Rxd6 Rxc3 34.
Rd2 Qe3 35. Rd3 Qc5 36. Rxc3 Qxc3 37. Bd3 b4 38. Bc4 Bh4 39. Bxe6 Bg5 40. Bc4
Qe3 41. Qf3 Qe1+ 42. Qf1 Bh4 43. Qxe1 Bxe1 44. Kg1 Kh7 45. Kf1 Bc3 46. Ke2 Kg6
47. Kf3 Kg5 48. g3 Be1 49. Be6 Kf6 50. Bd5 g6 51. h4 h5 52. Bc4 g5 53. hxg5+
Kxg5 54. Bf7 h4 55. gxh4+ Kxh4 56. Bd5 Bc3 57. Ke2 Kg3 58. Kd3 Kf3 59. Kc4 Ke3
60. Kb5 Kd3 61. Kc6 Bd4 62. Kd7 Bc3 63. Ke6 Kd4 64. Kf5 Bd2 65. Ke6 Be1 66. Kf5
Bd2 67. Ke6 Be1 68. Kf5 Bd2 69. Ke6 1/2-1/2

[Event "PRO League Group Stage"]
[Site "chess.com INT"]
[Date "2018.01.25"]
[Round "2"]
[White "Gunnarsson, Jon Viktor"]
[Black "Ghasi, Ameet K"]
[Result "0-1"]
[WhiteTitle "IM"]
[BlackTitle "IM"]
[WhiteElo "2466"]
[BlackElo "2475"]
[WhiteTeam "Reykjavik Puffins"]
[BlackTeam "London Towers"]
[WhiteFideId "2300931"]
[BlackFideId "409200"]
[EventDate "2018.01.18"]

1. e4 c6 2. Nf3 d5 3. Nc3 dxe4 4. Nxe4 Nf6 5. Nxf6+ exf6 6. d4 Bd6 7. Be2 O-O 8.
O-O Re8 9. Be3 Bf5 10. Qd2 Nd7 11. c4 Qe7 12. Nh4 Be4 13. Rfe1 Bb4 14. Qd1 f5
15. g3 Bxe1 16. Qxe1 f4 17. Bd2 g5 18. Nf3 Qf6 19. Qf1 Bxf3 20. Bxf3 fxg3 21.
Qg2 Qxd4 22. Be3 Rxe3 23. fxe3 Qxe3+ 24. Kh1 Ne5 25. Bh5 gxh2 26. Rf1 Kg7 27.
Kxh2 Rd8 0-1

[Event "PRO League Group Stage"]
[Site "chess.com INT"]
[Date "2018.01.25"]
[Round "2"]
[White "Gunnarsson, Jon Viktor"]
[Black "Arkell, Keith C"]
[Result "1-0"]
[WhiteTitle "IM"]
[BlackTitle "GM"]
[WhiteElo "2466"]
[BlackElo "2411"]
[WhiteTeam "Reykjavik Puffins"]
[BlackTeam "London Towers"]
[WhiteFideId "2300931"]
[BlackFideId "400270"]
[EventDate "2018.01.18"]

1. e4 c6 2. Nf3 d5 3. Nc3 Bg4 4. h3 Bxf3 5. Qxf3 Nf6 6. d3 e6 7. Bd2 Bb4 8.
O-O-O d4 9. Nb1 Bxd2+ 10. Nxd2 e5 11. Qg3 Nbd7 12. Qxg7 Rg8 13. Qh6 Qe7 14. g4
Rg6 15. Qh4 h6 16. Be2 a5 17. Rhf1 a4 18. f4 a3 19. b3 Qb4 20. Nb1 Ra5 21. f5
Rg8 22. Qxh6 Nc5 23. Rd2 Nfd7 24. g5 Na4 25. Bh5 Nc3 26. Nxc3 Qxc3 27. Kd1 Qa1+
28. Ke2 Qxa2 29. Bxf7+ Kxf7 30. Qe6+ Kf8 31. f6 Rxg5 32. Qe7+ Kg8 33. f7+ 1-0

[Event "PRO League Group Stage"]
[Site "chess.com INT"]
[Date "2018.01.25"]
[Round "2"]
[White "Abdrlauf, Elham"]
[Black "Abhishek, Kelkar"]
[Result "0-1"]
[BlackTitle "IM"]
[WhiteElo "2073"]
[BlackElo "2378"]
[WhiteTeam "Norway Gnomes"]
[BlackTeam "Mumbai Movers"]
[WhiteFideId "1533533"]
[BlackFideId "5019257"]
[EventDate "2018.01.18"]

1. e4 c5 2. Nf3 Nc6 3. d4 cxd4 4. Nxd4 g6 5. Nc3 Bg7 6. Be3 Nf6 7. Be2 d6 8. O-O
O-O 9. Kh1 Nxd4 10. Bxd4 Bd7 11. f4 Bc6 12. Bf3 Nd7 13. Bxg7 Kxg7 14. Qd4+ f6
15. Rad1 b5 16. Ne2 Qb6 17. Qd2 Nc5 18. Nd4 e5 19. Nxc6 Qxc6 20. Qxd6 Qxd6 21.
Rxd6 exf4 22. b4 Na4 23. e5 Rac8 24. exf6+ Rxf6 25. Rd7+ Rf7 26. Rxf7+ Kxf7 27.
Bd5+ Kf6 28. g3 Ke5 29. Bb3 fxg3 30. hxg3 Rc7 31. Rd1 Nc3 32. Rd3 g5 33. Kg2 g4
34. Rd8 Ne4 35. Rd5+ Kf6 36. Rd4 Ke5 37. Rd5+ Kf6 38. Rxb5 Rc3 39. Rb7 Rxg3+ 40.
Kh2 h5 41. Rf7+ Kg5 42. Re7 Rh3+ 43. Kg2 Kf4 44. Rf7+ Ke3 45. c4 Rf3 46. Re7
Rf2+ 47. Kg1 Rb2 48. c5 Kf3 49. Rf7+ Kg3 50. c6 Ng5 51. c7 Rb1+ 52. Rf1 Nf3+ 0-1

[Event "PRO League Group Stage"]
[Site "chess.com INT"]
[Date "2018.01.25"]
[Round "2"]
[White "Abdrlauf, Elham"]
[Black "Ghosh, Diptayan"]
[Result "0-1"]
[BlackTitle "GM"]
[WhiteElo "2073"]
[BlackElo "2556"]
[WhiteTeam "Norway Gnomes"]
[BlackTeam "Mumbai Movers"]
[WhiteFideId "1533533"]
[BlackFideId "5045207"]
[EventDate "2018.01.18"]

1. e4 e5 2. d4 exd4 3. c3 d3 4. Bxd3 Nc6 5. Nf3 d6 6. O-O Nf6 7. Bf4 Be7 8. Nbd2
O-O 9. Re1 Re8 10. Qc2 h6 11. Rad1 Nh5 12. Be3 Bf8 13. Bc4 Qf6 14. Bd4 Qg6 15.
Nf1 Bg4 16. Nh4 Qg5 17. f3 Qxh4 18. Bf2 Qg5 19. h4 Qg6 20. fxg4 Qxg4 21. Nh2 Qg6
22. Bd4 Nf4 23. Rf1 d5 24. Rxf4 dxc4 25. Rdf1 Rad8 26. Qf2 Rd7 27. Rg4 Qe6 28.
Kh1 h5 29. Rg5 Nxd4 30. cxd4 Qxe4 31. Rxh5 Qxd4 32. Qf3 Qd3 33. Qxb7 Bd6 34. Qf3
Qxf3 35. Nxf3 Rb8 36. Rf5 Rxb2 37. Nd4 c3 38. Nc6 c2 39. Rc1 Rb1 40. Rff1 Rb2
41. Nd4 Rxa2 42. Rxc2 Rxc2 43. Nxc2 Be5 44. Ne3 Rd4 45. h5 Rh4+ 46. Kg1 Bd4 47.
Kf2 Re4 0-1

[Event "PRO League Group Stage"]
[Site "chess.com INT"]
[Date "2018.01.25"]
[Round "2"]
[White "Mamedov, Rauf"]
[Black "Izzat, Kanan"]
[Result "1-0"]
[WhiteTitle "GM"]
[BlackTitle "IM"]
[WhiteElo "2709"]
[BlackElo "2487"]
[WhiteTeam "San Jose Hackers"]
[BlackTeam "Australia Kangaroos"]
[WhiteFideId "13401653"]
[BlackFideId "13405209"]
[EventDate "2018.01.18"]

1. e4 c5 2. Nc3 Nc6 3. g3 g6 4. Bg2 Bg7 5. f4 d6 6. Nf3 Nf6 7. d3 O-O 8. O-O Rb8
9. a4 a6 10. h3 b5 11. axb5 axb5 12. Kh2 Nd4 13. Nxd4 cxd4 14. Ne2 Nd7 15. f5 b4
16. Bg5 b3 17. cxb3 Nc5 18. Ra3 Ba6 19. Rf3 d5 20. exd5 h6 21. Bd2 Bxd3 22. b4
Bxe2 23. Qxe2 Nd7 24. fxg6 fxg6 25. Qe6+ Kh7 26. Ra7 Rxf3 27. Bxf3 Qf8 28. Kg2
Ne5 29. Be4 Re8 30. Bf4 1-0

[Event "PRO League Group Stage"]
[Site "chess.com INT"]
[Date "2018.01.25"]
[Round "2"]
[White "Mamedov, Rauf"]
[Black "Sarana, Alexey"]
[Result "0-1"]
[WhiteTitle "GM"]
[BlackTitle "GM"]
[WhiteElo "2709"]
[BlackElo "2562"]
[WhiteTeam "San Jose Hackers"]
[BlackTeam "Australia Kangaroos"]
[WhiteFideId "13401653"]
[BlackFideId "24133795"]
[EventDate "2018.01.18"]

1. e4 c5 2. Nf3 d6 3. Bb5+ Nd7 4. O-O a6 5. Bd3 Ngf6 6. Re1 e6 7. c3 b5 8. a4
Bb7 9. Bc2 Be7 10. d4 Qb6 11. e5 dxe5 12. dxe5 Nd5 13. Nbd2 c4 14. Ne4 Nc5 15.
Nfg5 h6 16. Qh5 g6 17. Qh3 Nd3 18. Bxd3 cxd3 19. axb5 axb5 20. Rxa8+ Bxa8 21.
Nd6+ Bxd6 22. exd6 Qc6 23. Rxe6+ Kf8 24. Re1 Kg7 25. d7 Nf6 26. Re7 hxg5 27.
Qxh8+ Kxh8 28. d8=Q+ Kg7 29. f3 Nd5 30. Re8 Qc5+ 31. Kf1 Bc6 32. Rg8+ Kh7 33.
Rh8+ Kg7 0-1

[Event "PRO League Group Stage"]
[Site "chess.com INT"]
[Date "2018.01.25"]
[Round "2"]
[White "Paikidze, Nazi"]
[Black "He, Anthony"]
[Result "1-0"]
[WhiteTitle "IM"]
[BlackTitle "FM"]
[WhiteElo "2352"]
[BlackElo "2246"]
[WhiteTeam "Las Vegas Desert Rats"]
[BlackTeam "Seattle Sluggers"]
[WhiteFideId "13603620"]
[BlackFideId "2088215"]
[EventDate "2018.01.18"]

1. Nf3 Nf6 2. g3 g6 3. b3 Bg7 4. Bb2 O-O 5. Bg2 d5 6. c4 c5 7. cxd5 Nxd5 8. Qc1
b6 9. O-O Bb7 10. Bxg7 Kxg7 11. Qb2+ Kg8 12. d4 cxd4 13. Nxd4 e5 14. Nb5 Qd7 15.
N1c3 Nxc3 16. Nxc3 Bxg2 17. Kxg2 Qb7+ 18. e4 Nc6 19. Nd5 Rac8 20. Rac1 Nd4 21.
Qa3 Kg7 22. Qd6 f6 23. Rfd1 Qf7 24. f4 Rfd8 25. Qe7 Nc6 26. Rxc6 Rxc6 27. Qxd8
Rc2+ 28. Kg1 Qe6 29. Qe7+ Qxe7 30. Nxe7 Rxa2 31. Rd7 Kf8 32. Nc6 exf4 33. gxf4
Re2 34. e5 fxe5 35. fxe5 Re3 36. Rxa7 Rc3 37. Rc7 Rxb3 38. e6 Re3 39. Rc8+ Kg7
40. e7 Kf7 41. Rf8+ 1-0

[Event "PRO League Group Stage"]
[Site "chess.com INT"]
[Date "2018.01.25"]
[Round "2"]
[White "Le Roux, Jean-Pierre"]
[Black "Bitalzadeh, Ali"]
[Result "1-0"]
[WhiteTitle "GM"]
[BlackTitle "IM"]
[WhiteElo "2554"]
[BlackElo "2390"]
[WhiteTeam "London Lions"]
[BlackTeam "Amsterdam Mosquitoes"]
[WhiteFideId "609404"]
[BlackFideId "1010972"]
[EventDate "2018.01.18"]

1. Nf3 g6 2. e4 Bg7 3. d4 d6 4. Be2 Bg4 5. Nbd2 Nf6 6. h3 Bxf3 7. Bxf3 Nbd7 8.
O-O O-O 9. c3 e5 10. Re1 Qe7 11. Nc4 Rfe8 12. Bg5 h6 13. Bh4 Nb6 14. Na5 c5 15.
dxe5 dxe5 16. Qe2 Rad8 17. Rad1 Qc7 18. Bg3 c4 19. Qc2 Rc8 20. Be2 Re7 21. Bf1
Qc5 22. b4 cxb3 23. Nxb3 Qxc3 24. Qb1 Nh5 25. Bh2 Qb4 26. Rc1 Rec7 27. Rxc7 Rxc7
28. Rd1 Bf6 29. Nd4 Qxb1 30. Rxb1 Re7 31. Nb5 Nc8 32. Nc3 Nb6 33. a4 Nf4 34. a5
Nd7 35. Bxf4 exf4 36. Nd5 Re6 37. Rxb7 Nc5 38. Rxa7 Bd4 39. Nxf4 Rxe4 40. g3 Re1
41. Kg2 Ne4 42. Ra8+ Kg7 43. Nd3 Ra1 44. a6 Ra2 45. Rd8 Bb6 46. Rb8 Bd4 47. Rb4
Nxf2 48. Rxd4 Nxd3+ 49. Kf3 Rf2+ 50. Ke3 Rxf1 51. Kxd3 Ra1 52. Rd6 Ra3+ 53. Kc4
Rxg3 54. Kb4 Rg1 55. Rd5 Rb1+ 56. Ka5 Rb8 57. a7 Ra8 58. Kb6 f5 59. Kb7 Rxa7+
60. Kxa7 Kf6 61. Kb6 f4 62. Kc5 g5 63. Kd4 h5 64. Ke4 1-0

[Event "PRO League Group Stage"]
[Site "chess.com INT"]
[Date "2018.01.25"]
[Round "2"]
[White "Le Roux, Jean-Pierre"]
[Black "Ducarmon, Quinten"]
[Result "1-0"]
[WhiteTitle "GM"]
[BlackTitle "IM"]
[WhiteElo "2554"]
[BlackElo "2472"]
[WhiteTeam "London Lions"]
[BlackTeam "Amsterdam Mosquitoes"]
[WhiteFideId "609404"]
[BlackFideId "1025007"]
[EventDate "2018.01.18"]

1. d4 d5 2. Nf3 Nf6 3. Bf4 c5 4. e3 Nc6 5. Nbd2 e6 6. c3 Bd6 7. Bg3 O-O 8. Bb5
Be7 9. Bd3 Nh5 10. Qe2 f5 11. O-O Nxg3 12. hxg3 c4 13. Bc2 g5 14. b3 g4 15. Nh2
cxb3 16. axb3 Bd6 17. b4 Bd7 18. Bd3 Rf6 19. b5 Ne7 20. c4 h5 21. Rac1 Rh6 22.
Rfd1 h4 23. gxh4 Ng6 24. g3 Nxh4 25. c5 Bc7 26. c6 bxc6 27. bxc6 Bc8 28. e4 dxe4
29. Nxe4 Nf3+ 30. Nxf3 gxf3 31. Qe3 Rg6 32. Qxf3 Qh4 33. Re1 fxe4 34. Rxe4 Qf6
35. Qh5 Rb8 36. Rh4 Rg7 37. Qe8+ Qf8 38. Rh8+ 1-0

[Event "PRO League Group Stage"]
[Site "chess.com INT"]
[Date "2018.01.25"]
[Round "2"]
[White "Gozzoli, Yannick"]
[Black "Fontaine, Robert"]
[Result "1-0"]
[WhiteTitle "GM"]
[BlackTitle "GM"]
[WhiteElo "2565"]
[BlackElo "2563"]
[WhiteTeam "Marseille Migraines"]
[BlackTeam "Cannes Blockbusters"]
[WhiteFideId "616915"]
[BlackFideId "605590"]
[EventDate "2018.01.18"]

1. d4 d5 2. c4 c6 3. cxd5 cxd5 4. Bg5 Nc6 5. Nc3 Nf6 6. Bxf6 gxf6 7. e3 e6 8.
Bd3 f5 9. f4 Rg8 10. g3 Bd7 11. Nf3 a6 12. Kf2 Bd6 13. Rc1 Rc8 14. Be2 h6 15.
Na4 Na5 16. Nc5 Qb6 17. Ne5 Bxe5 18. fxe5 Ke7 19. b3 Nc6 20. Na4 Qa7 21. Qd2 Rg5
22. Qb2 a5 23. Qa3+ Nb4 24. Rxc8 Bxc8 25. Rc1 Bd7 26. Nc5 Bc6 27. Nd3 Qb6 28.
Rc5 Nxd3+ 29. Bxd3 Qb4 30. Qxa5 Qxa5 31. Rxa5 Rg8 32. Rc5 f6 33. a4 fxe5 34.
dxe5 Rg4 35. Ra5 Rb4 36. Bc2 d4 37. exd4 Rxd4 38. Ke3 Rb4 39. Rc5 Be4 40. Bxe4
Rxe4+ 41. Kd3 Kd7 42. a5 Re1 43. b4 Rh1 44. Rb5 Kc7 45. Rb6 Rxh2 46. Rxe6 Rh3
47. Kc4 Rxg3 48. Rxh6 Re3 49. Kd5 f4 50. Rh7+ Kc8 51. e6 f3 52. Rf7 Rb3 53. Rf8+
Kc7 54. e7 f2 55. e8=Q 1-0

[Event "PRO League Group Stage"]
[Site "chess.com INT"]
[Date "2018.01.25"]
[Round "2"]
[White "Gozzoli, Yannick"]
[Black "Gunina, Valentina"]
[Result "1-0"]
[WhiteTitle "GM"]
[BlackTitle "GM"]
[WhiteElo "2565"]
[BlackElo "2502"]
[WhiteTeam "Marseille Migraines"]
[BlackTeam "Cannes Blockbusters"]
[WhiteFideId "616915"]
[BlackFideId "4167570"]
[EventDate "2018.01.18"]

1. d4 Nf6 2. Nf3 e6 3. Bg5 c5 4. e3 d5 5. c3 Be7 6. Nbd2 Nbd7 7. Bd3 O-O 8. O-O
b6 9. Qa4 Bb7 10. Ne5 h6 11. Bxf6 Nxf6 12. f4 Qc7 13. Rae1 a6 14. Qd1 Ne4 15.
Nxe4 dxe4 16. Bc2 cxd4 17. exd4 f5 18. Bb3 Bd5 19. c4 Bb7 20. c5 bxc5 21. Bxe6+
Kh7 22. Qh5 Rf6 23. Bxf5+ Kh8 24. Bxe4 Bxe4 25. Rxe4 Bd6 26. d5 c4 27. Nxc4 Bxf4
28. g3 Bg5 29. Rxf6 Bxf6 30. Re8+ Rxe8 31. Qxe8+ Kh7 32. Qe4+ Kh8 33. b3 Qc5+
34. Kg2 Qb4 35. Qe8+ Kh7 36. Qe3 Kh8 37. d6 Qb5 38. Qe4 Qh5 39. g4 Qb5 40. Kf3
Qb4 41. d7 Qc3+ 42. Qe3 Qa1 43. Qe8+ Kh7 44. d8=Q Qf1+ 45. Ke3 Qe1+ 46. Kd3 Qb1+
47. Ke2 Bxd8 48. Qxd8 Qxa2+ 49. Nd2 Qa1 50. Qd3+ Kh8 51. Kf2 a5 52. Nf3 a4 53.
bxa4 Qxa4 54. Kg3 Qe8 55. Qf5 Qb8+ 56. Qe5 Qb3 57. h4 Kg8 58. Kf4 Qc4+ 59. Kg3
Qb3 60. Qe8+ Kh7 61. Qe4+ Kg8 62. Kf4 Qf7+ 63. Kg3 Qb3 64. g5 hxg5 65. hxg5 Kf7
66. Kg4 Qd1 67. g6+ 1-0

[Event "PRO League Group Stage"]
[Site "chess.com INT"]
[Date "2018.01.25"]
[Round "2"]
[White "Virtanen, Teemu"]
[Black "Izzat, Kanan"]
[Result "0-1"]
[WhiteTitle "FM"]
[BlackTitle "IM"]
[WhiteElo "2301"]
[BlackElo "2487"]
[WhiteTeam "San Jose Hackers"]
[BlackTeam "Australia Kangaroos"]
[WhiteFideId "509850"]
[BlackFideId "13405209"]
[EventDate "2018.01.18"]

1. c4 c6 2. e4 d5 3. cxd5 cxd5 4. exd5 Nf6 5. Nc3 Nxd5 6. d4 Nc6 7. Nf3 e6 8.
Bd3 Be7 9. O-O O-O 10. Re1 Nf6 11. a3 b6 12. Bg5 Bb7 13. Rc1 Rc8 14. Bb1 Na5 15.
Qd3 g6 16. Bh6 Re8 17. Ne5 Nd5 18. Ne4 Nc6 19. Ba2 Ndb4 20. axb4 Nxe5 21. Qd2
Rxc1 22. Rxc1 Ng4 23. Re1 Nxh6 24. Qxh6 Qxd4 25. Ng5 Bxg5 26. Qxg5 Qxb2 27. Bb1
Qxb4 28. Rd1 Qe7 29. Qe5 Rd8 30. Rc1 Qd6 31. Qe3 Qd1+ 0-1

[Event "PRO League Group Stage"]
[Site "chess.com INT"]
[Date "2018.01.25"]
[Round "2"]
[White "Virtanen, Teemu"]
[Black "Sarana, Alexey"]
[Result "0-1"]
[WhiteTitle "FM"]
[BlackTitle "GM"]
[WhiteElo "2301"]
[BlackElo "2562"]
[WhiteTeam "San Jose Hackers"]
[BlackTeam "Australia Kangaroos"]
[WhiteFideId "509850"]
[BlackFideId "24133795"]
[EventDate "2018.01.18"]

1. c4 e6 2. Nc3 d5 3. e3 Nf6 4. Nf3 Be7 5. b3 O-O 6. Bb2 c5 7. cxd5 exd5 8. d4
Nc6 9. Be2 Bg4 10. dxc5 Bxc5 11. O-O Re8 12. Nd4 Bxe2 13. Ncxe2 Rc8 14. Nf4 Ne5
15. Rc1 Qd7 16. h3 Ne4 17. Nd3 Bd6 18. Nf4 Bc5 19. Nd3 Bd6 20. Nf4 Bb8 21. Qe2
Ng6 22. Nxg6 hxg6 23. Nf3 Qd6 24. Be5 Qa3 25. Qb2 Qxb2 26. Bxb2 Rc6 27. Nd4 Rc7
28. Rxc7 Bxc7 29. Rc1 Bb6 30. Kf1 a6 31. Ke2 f6 32. Nf3 Kf7 33. Bd4 Ba5 34. a3
Re7 35. b4 Bc7 36. Nd2 Ng5 37. Nb3 Ne6 38. Kd3 Ng5 39. Nc5 Bd6 40. Rc2 Bxc5 41.
Rxc5 Rd7 42. f3 Ne6 43. Rc8 Nd8 44. a4 Nc6 45. b5 axb5 46. axb5 Ne7 47. Rc2 Ke6
48. Bc5 Nf5 49. Bd4 Nd6 50. b6 Nc4 51. e4 Nd6 52. exd5+ Kxd5 53. Rc5+ Ke6 54.
Kc3 Nf5 55. Bf2 Ne7 56. Rc7 Nd5+ 0-1

[Event "PRO League Group Stage"]
[Site "chess.com INT"]
[Date "2018.01.25"]
[Round "2"]
[White "Valner, Uku"]
[Black "Hasangatin, Ramil"]
[Result "1/2-1/2"]
[BlackTitle "GM"]
[WhiteElo "2211"]
[BlackElo "2502"]
[WhiteTeam "Estonia Horses"]
[BlackTeam "Volga Stormbringers"]
[WhiteFideId "4502205"]
[BlackFideId "4122160"]
[EventDate "2018.01.18"]

1. e4 Nf6 2. Nc3 Nc6 3. Nf3 d5 4. exd5 Nxd5 5. d4 e6 6. Bd3 Be7 7. O-O Ncb4 8.
Be2 O-O 9. Ne4 Nf6 10. Nxf6+ Bxf6 11. c3 Nd5 12. c4 Ne7 13. Bd3 Ng6 14. Be4 Rb8
15. Qd3 b6 16. Be3 Bb7 17. Rad1 Qc8 18. Bg5 Bxe4 19. Qxe4 Bxg5 20. Nxg5 h6 21.
Nf3 Qa6 22. Qc2 Rfd8 23. b3 Rd6 24. Rd2 Rbd8 25. Rfd1 Qa5 26. Kf1 Qb4 27. g3 Qa5
28. h4 Qh5 29. Qe4 f5 30. Qe2 f4 31. Ne5 Qf5 32. Nxg6 Qxg6 33. Kg2 Rf8 34. Qd3
Qg4 35. Re1 c5 36. d5 exd5 37. cxd5 fxg3 38. fxg3 Rdf6 39. Qe4 Qd7 40. Re3 Kh8
41. Qe7 Qf5 42. Kh2 R6f7 43. Qe4 Qd7 44. Ree2 Rf6 45. Kg2 Qd6 46. Rf2 b5 47.
Rde2 Rd8 48. Rxf6 Qxf6 49. Qe7 Qxe7 50. Rxe7 Rxd5 51. Rxa7 c4 52. bxc4 bxc4 53.
Rc7 Rd2+ 54. Kf3 Rxa2 55. Rxc4 Ra3+ 56. Kf4 Kh7 57. h5 Ra5 58. g4 Rb5 59. Rd4 1/2-1/2